Vplyv priamych zahraničných investícií na Slovensko na príklade Johnson Controls International diplomová práca
Enregistré dans:
| Auteur principal: | |
|---|---|
| Collectivité auteur: | |
| Autres auteurs: | |
| Format: | Livre |
| Langue: | slovaque |
| Publié: |
Bratislava
2009
|
| Tags: |
Pas de tags, Soyez le premier à ajouter un tag!
|
MARC
| LEADER | 00000nam$a2200000$$$4500 | ||
|---|---|---|---|
| 001 | 0101271 | ||
| 005 | 20240318133929.1 | ||
| 041 | 0 | |a slo | |
| 044 | |a SK | ||
| 245 | 1 | 0 | |a Vplyv priamych zahraničných investícií na Slovensko na príklade Johnson Controls International |b diplomová práca |c Tomáš Krasula ; škol. Soňa Ferenčíková |
| 264 | 1 | |a Bratislava |c 2009 | |
| 300 | |a 74 s. | ||
| 100 | 1 | |a Krasula, Tomáš | |
| 700 | 1 | |a Ferenčíková, Soňa, 1960- | |
| 710 | 2 | |a Obchodná fakulta EU. Katedra medzinárodného obchodu | |